| Tag |
First Indicator |
Second Indicator |
Subfields |
| LEADER |
00000cjm a2200000Ia 4500 |
| 001 |
in00003441227 |
| 005 |
20151206102838.0 |
| 007 |
sd fungnn|||eu |
| 008 |
010511p20001974quczznn eh n zxx d |
| 024 |
8 |
|
|a 7102822542
|
| 028 |
0 |
1 |
|a IMED-0054
|b empreintes DIGITALes
|
| 035 |
|
|
|a (OCoLC)ocm46931676
|
| 035 |
|
|
|a (OCoLC)46931676
|
| 040 |
|
|
|a NED
|b eng
|c NED
|d B2Q
|d OCLCQ
|d OCLCG
|d CUT
|d WAU
|d OCLCO
|d OCLCF
|d OCLCQ
|d TXA
|d UtOrBLW
|
| 049 |
|
|
|a TXAM
|
| 050 |
|
4 |
|a M1473.S63
|b S68 2000
|
| 100 |
1 |
|
|a Smalley, Denis,
|d 1946-
|
| 240 |
1 |
0 |
|a Works.
|k Selections
|
| 245 |
1 |
0 |
|a Sources/scènes /
|c Denis Smalley.
|
| 264 |
|
1 |
|a Montréal Québec, Canada :
|b Empreintes DIGITALes,
|c [2000]
|
| 264 |
|
4 |
|c ℗2000
|
| 300 |
|
|
|a 1 audio disc :
|b digital ;
|c 4 3/4 in.
|
| 306 |
|
|
|a 001342
|a 001451
|a 001730
|a 001247
|a 001251
|
| 336 |
|
|
|a performed music
|b prm
|2 rdacontent
|
| 337 |
|
|
|a audio
|b s
|2 rdamedia
|
| 338 |
|
|
|a audio disc
|b sd
|2 rdacarrier
|
| 500 |
|
|
|a Electroacoustic music.
|
| 518 |
|
|
|a Presumably realized in 2000 (1st work), 1997 (2nd), 1984 (3rd), and 1974 (4th).
|
| 500 |
|
|
|a Compact disc.
|
| 500 |
|
|
|a Biographical and program notes in English and French on folded sheet in container.
|
| 505 |
0 |
0 |
|t Base metals
|g (2000) (13:42) --
|t Empty vessels
|g (1997) (14:51) --
|t Tides
|g (1984) (30:19).
|t Pools and currents
|g (17:30) ;
|t Sea flight
|g (12:47) --
|t Pentes
|g (1974) (12:51).
|
| 500 |
|
|
|a Sound recording.
|
| 650 |
|
0 |
|a Electronic music.
|
| 650 |
|
0 |
|a Computer music.
|
| 650 |
|
6 |
|a Musique par ordinateur.
|
| 650 |
|
6 |
|a Musique électroacoustique.
|
| 650 |
|
7 |
|a Computer music.
|2 fast
|0 (OCoLC)fst00872274
|
| 650 |
|
7 |
|a Electronic music.
|2 fast
|0 (OCoLC)fst00907363
|
| 700 |
1 |
2 |
|a Smalley, Denis,
|d 1946-
|t Base metals.
|
| 700 |
1 |
2 |
|a Smalley, Denis,
|d 1946-
|t Empty vessels.
|
| 700 |
1 |
2 |
|a Smalley, Denis,
|d 1946-
|t Tides.
|
| 700 |
1 |
2 |
|a Smalley, Denis,
|d 1946-
|t Pentes.
|
| 700 |
1 |
2 |
|a Smalley, Denis,
|d 1946-
|t Sea flight.
|
| 948 |
|
|
|a cataloged
|b h
|c 2014/9/2
|d c
|e jolivare
|f 12:41:04 pm
|
| 994 |
|
|
|a C0
|b TXA
|
| 999 |
|
|
|a MARS
|
| 999 |
f |
f |
|s b2819d96-3797-3ece-a2eb-f507ec3c453d
|i 297da4f6-b810-3010-8e1a-cdc5dae2e61d
|t 0
|
| 952 |
f |
f |
|p ric
|a Texas A&M University
|b Rellis Campus
|c Joint Library Facility
|d Remote Storage
|t 0
|e M1473.S63 S68 2000
|h Library of Congress classification
|i audio -- audio disc
|m A14842712862
|
| 998 |
f |
f |
|a M1473.S63 S68 2000
|t 0
|l Remote Storage
|